Les pires pays d'Europe de football (UEFA) - Statistiques

Statistiques générales
  • Ce quiz a été pris 183 fois
    38 depuis la dernière actualisation
  • Le résultat moyen est 21 sur 30
Statistiques - réponses
Classement mondial # Pays % Correct
210 1 Saint-Marin
94%
205 2 Liechtenstein
84%
173 4 Andorre
81%
60 27 Irlande
81%
69 23 Finlande
78%
74 19 Islande
78%
143 7 Lituanie
78%
67 25 Macédoine du Nord
78%
45 30 Roumanie
78%
85 17 Bulgarie
75%
121 11 Estonie
75%
91 16 Luxembourg
75%
154 6 Moldavie
75%
73 20 Montenegro
75%
138 9 Lettonie
72%
51 28 Slovénie
72%
98 14 Biélorussie
69%
70 22 Bosnie-Herzegovine
69%
46 29 Slovaquie
69%
68 24 Géorgie
66%
169 5 Malte
66%
66 26 Albanie
63%
102 13 Arménie
63%
129 10 Chypre
63%
71 21 Irlande du Nord
63%
97 15 Kosovo
63%
196 3 Gibraltar
56%
119 12 Azerbaïdjan
47%
78 18 Israël
47%
141 8 Iles Féroé
44%
Aucun quiz correspondant
Distribution des résultats
% des personnes avec chaque résultat
Percentile par nombre de réponses
Votre historique - résultats
Vous n’avez pas pris ce quiz depuis la dernière actualisation